000 00292nam a22001217a 4500
008 181003b xxu||||| |||| 00| 0 eng d
041 _aeng
080 _a159.9
100 _a47
101 _aPSI
245 _aHandbook Of Reseasrch Methoda Child Development
_cWilty.J
942 _2udc
_cBK
999 _c48792
_d48792